000 00674nam a2200241Ia 4500
003 OSt
005 20221007100612.0
006 a|||||r|||| 00| 0
007 ta
008 221006b |||||||| |||| 00| 0 eng d
024 _a4,716
037 _cTextual
040 _aLCO
_cLCO
_beng
041 _2eng
_aeng
082 _aV2:2'N47-L57, M3
100 _aDESIKA CHAR S V
245 0 _aReadings in the constitutional history of India, 1757-1947
260 _aDelhi
_bOxford Univer. Press
_c1983
300 _a789
650 _aCONSTITUTIONAL HISTORY
_9648988
942 _hV2:2'N47-L57, M3
_cTEXL
999 _c1174279
_d1174279